Levél Mérai Tibornak. {Scrisoare catre Mérai Tibor}. [A letter for Mérai Tibor Méray Tibor: A párizsi vártán. Irások a Szajna mellöl]
Elmentve itt :
| Szerző: | |
|---|---|
| Adatforrás: | Meister |
| Forrásdokumentuma: | A Hét. - 2001. 26, 6. |
| Nyelv: | magyar |
| Kulcsszavak: | levelezés irodalomkritika corespondenta critica literara correspondence literary criticism MÉRAY Tibor |
| LEADER | 00616nab a2200193 i 4500 | ||
|---|---|---|---|
| 001 | bibPRO00012122 | ||
| 008 | 080908s2001 xx hun | ||
| 040 | |a Sz1 | ||
| 041 | |a hun | ||
| 100 | 1 | |a LÁSZLÓFFY Csaba | |
| 245 | 1 | 0 | |a Levél Mérai Tibornak. {Scrisoare catre Mérai Tibor}. [A letter for Mérai Tibor Méray Tibor: A párizsi vártán. Irások a Szajna mellöl] |c LÁSZLÓFFY Csaba |
| 695 | |a levelezés | ||
| 695 | |a irodalomkritika | ||
| 695 | |a corespondenta | ||
| 695 | |a critica literara | ||
| 695 | |a correspondence | ||
| 695 | |a literary criticism | ||
| 695 | |a MÉRAY Tibor | ||
| 773 | 0 | |t A Hét. - |g 2001. 26, 6. | |